Statistics for God's Plan - Drake Lyrics

Click here to take the quiz!

General Stats

  • This quiz has been taken 1,020 times
  • The average score is 197 of 316

Answer Stats

Answer% Correct
I
98%
G
96%
me
95%
a
94%
go
93%
on
93%
me
92%
do
91%
Do
91%
the
89%
be
88%
and
86%
And
86%
G.O.D.
86%
plan
84%
you
84%
You
84%
God's
78%
it
75%
my
75%
to
75%
love
74%
They
74%
they
74%
wishin'
73%
know
71%
I'm
70%
don't
69%
Don't
69%
bed
68%
sorry
68%
momma
67%
Only
67%
only
67%
She
63%
tell
63%
that
61%
things
61%
no
60%
some
59%
with
58%
got
57%
for
56%
her
56%
AM
54%
6
53%
partly
53%
Yeah
53%
Bad
52%
bad
52%
up
51%
at
50%
say
50%
Fifty
49%
been
48%
cuddle
48%
is
48%
trouble
47%
keep
46%
pull
46%
struggle
46%
like
45%
of
45%
sometimes
45%
when
45%
how
44%
lot
44%
peaceful
44%
dub
43%
miss
42%
moving
42%
party
42%
lovin'
41%
start
41%
them
41%
Turn
41%
die
40%
down
39%
Tryna
39%
see
38%
wanna
38%
81
35%
brothers
35%
Hope
35%
even
34%
tatted
34%
It's
33%
different
32%
good
32%
still
32%
hard
31%
into
31%
outlive
31%
Southside
31%
story
31%
Yes
31%
as
30%
bring
30%
feel
30%
gon'
30%
Might
30%
calm
29%
was
29%
back
28%
O3
28%
if
27%
make
27%
O2
27%
won't
27%
sure
26%
eat
25%
hold
25%
Imagine
25%
never
25%
met
24%
crashers
23%
north-side
23%
Road
23%
this
23%
I've
20%
dog
19%
own
19%
can't
18%
40
15%
finessed
15%
Weston
15%
Without
15%
close
12%
broskies
11%
watchin'
11%
there'd
10%
Someone
8%
since
6%
Oli'
5%
they'll
5%
Scarlett
4%

Score Distribution

Percentile by Number Answered

Percent of People with Each Score

Your Score History

You have not taken this quiz